Čo si tu staviame

Kam smeruje slovenská architektúra. Udeľovanie cien za architektúru. Trendy v architektúre. Dobrý investor je základ. Investície z verejných zdrojov.

Salvato in:
Dettagli Bibliografici
Autore principale: Garaj, Patrik
Natura: Capitolo di libro
Lingua:slovacco
Soggetti:
Tags: Aggiungi Tag
Nessun Tag, puoi essere il primo ad aggiungerne!!

MARC

LEADER 00000naa a2200000 4500
001 0193261
005 20231113101642.1
041 0 |a slo 
044 |a SK 
245 1 0 |a Čo si tu staviame  |c Patrik Garaj 
520 |a Kam smeruje slovenská architektúra. Udeľovanie cien za architektúru. Trendy v architektúre. Dobrý investor je základ. Investície z verejných zdrojov. 
610 2 0 |a architektúra 
610 2 0 |a inovácia 
610 2 0 |a investície 
610 2 0 |a investori 
610 2 0 |a rekonštrukcia 
610 2 0 |a ceny 
610 2 0 |a Slovensko 
100 1 |a Garaj, Patrik